00879nam a2200265 a 450000100100000000500170001000800410002702000150006804000250008308200210010810000360012924500510016525000120021626000360022830000240026450000280028850000210031650400310033750500220036859000260039065000240041691000370044095201190047799900170059600004220920201002040017.0131119s1986 dr a 001 0 spa d a9681805038 aDO-SdBNPbspacBNPHU a532bS717h, 19861 aSotelo Ávila, Gilberto96922710aHidraulica general /cGilberto Sotelo Ávila. a2a. ed. aSanto Domingo :btaller,c1986. av. :bil. ;c24 cm. aLa biblioteca posee v.1 aIncluye índice aBibliografía: p. 544-5470 gv. 1tFundamentos aInventariado, 2020/BT 4aHidráulica969228 aValidado. Control de calidad MFF 0010718PDaGRbGRcHDd2013-11-19iLF1l0o532 S717h, 1986p42209-10r2020-06-25w2020-06-25yLFPDZNo se presta c41698d41698